000 00790nam a2200217 a 4500
001 000024431
005 20200930023154.0
008 110127s1974 mx r 001 0 spa d
040 _aDO-SdBNP
_bspa
_cBNPHU
041 1 7 _aspa
_heng
_2Código de idiomas MARC
082 _ann*
_bnn*
100 1 _aArthur, Robert.
_950085
240 1 0 _aExploring new ethics for survival.
_lEspañol
245 1 0 _aDiorama 2000 :
_bhacia una ética para la supervivencia humana /
_cGarrett Hardin ; traducción Pilar Angulo.
260 _aMéxico, D. F. :
_bPax-México, Librería Carlos Césarman,
_c1974.
300 _a373 p. ;
_c20 cm.
534 _aTítulo de la obra en inglés :
_tExploring new ethics for survival
500 _aIncluye índice.
700 1 _aAngulo, Pilar,
_etr.
_950086
049 _aBNGR
999 _c23924
_d23924